00751nam a2200181 a 4500008004100000020002200041100002200063245015500085250001200240260005200252300002800304500014300332650004400475700002300519003000100542005001700543040000900560  a0139033858 (pbk.)1 aKennedy, Michael.10aTen statement Fortran plus Fortran IV;bsensible, modular, and structured programming with WATFOR and WATFIVcMichael Kennedy [and] Martin B. Solomon. a2nd ed. aEnglewood Cliffs, N.J. :bPrentice-Hall,c1975. axxvii, 579 p. ;c24 cm. aFirst ed. published in 1970 under title: Ten statement Fortran plus Fortran IV for the IBM 360, featuring the WATFOR and WATFIV compilers. 0aFORTRAN IV (Computer program language).1 aSolomon, Martin B.20230123133213.0 cNUST